=LDR 00000nam 2200000 4500 =001 INLIS000000000061051 =005 20220606092629 =035 ##$$a 0010-0622000041 =007 ta =008 220606###########################0#ind## =020 ##$$a 978-602-02-6550-6 =082 ##$$a 899.221 3 =084 ##$$a 899.221 3 Dom d =100 #$$a Domi K Dheo =245 1#$$a Desain Jiwa : $b Sebuah Paradigma Baru dalam Dimensi Kesehatan Jiwa =260 ##$$a Jakarta :$b Elex Media komputindo,$c 2015 =300 ##$$a 366 halaman ; $c 21 cm =650 #4$$a Fiksi Indonesia =990 ##$$a 3202202080